Joueur de foot A-Z - Statistiques

Statistiques générales
  • Ce quiz a été pris 494 fois
  • Le résultat moyen est 11 sur 26
Statistiques - réponses
Hint Lettres Réponse % Correct
Joueur portugais C Cristiano ronaldo
82%
Joueur de l’Athletico madrid A Antoine griezmann
76%
Un des meilleurs joueurs du monde L Lionel Messi
72%
Attaquant de l’équipe de France G Olivier giroud
69%
COUP DE BOULE !!!!!!! Z Zinedine Zidane
69%
Joueur suédois I Zlatan ibrahimovic
65%
Ancien bresilien K Kaka
64%
Joueur uruguayen E Édinson cavani
60%
Ancien joueur de réal de madrid B Gareth bale
50%
Joueur portugais Q Quaresma
49%
Un des ”meilleurs joueurs du monde ’ M Kylian mbappe
42%
Ancien joueur du bayern munich F Franck ribery
39%
Ancien joueur anglais D David Beckham
38%
Joueur du psg H Hachraf hakimi
38%
Le meilleur goal du monde T Thibault courtois
36%
Ancien gardien de monaco S Subasic
34%
France aujourd'hui O Ousmane dembele
31%
Ancien joueur du psg R Ronaldinho
30%
France 70 - 87 P Michel platini
29%
Goal espagnol U Unai simon
29%
Joueur allemand J Joshua kimmich
27%
Ancien joueur de Lille Y Burak yilmaz
18%
Joueur lillois X Xeka
16%
Marseillais V Valentin rongier
14%
Joueur anglais W Kyle walker
12%
Ancien bordelais N Nicolas pallois
2%
Aucun quiz correspondant
Distribution des résultats
% des personnes avec chaque résultat
Percentile par nombre de réponses
Votre historique - résultats
Vous n’avez pas pris ce quiz